000 00879nam a22003017a 4500
001 BR9102375
003 BR-BrBNA
005 20230928093609.0
007 ta
008 230509b bl.||||| |||| 00| 0 por d
040 _aBR-BrBNA
_bpor
_cBiblioteca Nacional de Agricultura
041 _a(Por)
072 _aE71; E72
_b/G514
090 _ E71 BR9102375
110 1 _aSuperintendencia do Desenvolvimento do Nordeste, Recife, PE (Brasil). Coordenacao de Planejamento Regional
_910151
245 1 _aImportacoes e exportacoes do nordeste do Brasil, ano de 1976
260 3 _aRecife, PE (Brasil):
_c1980.
300 _a203 p.
500 _aNumerical data
650 _aIMPORTACAO
650 _aEXPORTACAO
650 _aCUSTO
650 _aESTATISTICA COMERCIAL
650 _aICMS
650 _aREGIAO NORDESTE
909 _a202309
_bLucia
_c55
_dLucia Elande
942 _cBK
999 _c45920
_d45920